El secreto de la Ortografa̕ Segn︢ las nuevas normas de la Real Academia Espaǫla /

Detalles Bibliográficos
Autor principal: Mateo Rojas, Miguel ℓngel
Formato: eBook
Lenguaje:español
Publicado: Bogot:̀ Ediciones de la U, 2017
Materias:
Acceso en línea:Acceso restringido

MARC

LEADER 00000nam a22000007a 4500
005 20210716232041.0
007 cr|||| ||||
008 210716s2017 co |||||s|||| 00||0 spa d
020 |a 978-958-762-723-7 
035 |a 33417 
040 |a vLex 
090 |c 11867  |d 11867 
100 1 |a Mateo Rojas, Miguel ℓngel 
245 1 2 |a El secreto de la Ortografa̕  |h [Recurso electrn̤ico] :  |b Segn︢ las nuevas normas de la Real Academia Espaǫla /  |c Miguel ℓngel Mateo Rojas 
256 |a Servicio en ln̕ea 
260 |a Bogot:̀  |b Ediciones de la U,  |c 2017 
300 |a 1 recurso electrn̤ico 
500 |a El secreto de la Ortografa̕ es el resultado de un exhaustivo y minucioso trabajo de investigacin̤ que proporciona un novedoso manejo autodidc̀tico, el cual le garantiza mejorar considerablemente su escritura. Para ello, se ha puesto mucho ňfasis en la presentacin̤ de ejemplos, ejercicios y prc̀ticas que de una forma clara, sencilla, amena y detallada facilitar ̀su aprendizaje.Asimismo, ofrecemos informacin̤ moderna (de acuerdo con las nuevas normas de ortografa̕ aprobadas por la Real Academia Espaǫla) sobre el adecuado uso de las letras o grafemas, homf̤onos y parn̤imos, la representacin̤ grf̀ica del acento, signos de puntuacin̤, etc., y evita en lo posible tecnicismos y expresiones de difc̕il comprensin̤. Con ello pretendemos solucionar muchos problemas concretos que hasta el momento resultaba difc̕il hacerlo al momento de escribir.El secreto de la Ortografa̕ tiene la intencin̤ de servir como texto de consulta y de trabajo a estudiantes de los diferentes niveles, profesionales, secretarias, ejecutivos y a toda persona que desee escribir correctamente. 
506 1 |a Disponible solo en los productos indicados  |d vLex Global  |d vLex Global (Academic Edition, excluding Law Schools)  |d vLex Global (U.S. Academic Edition, Law Schools)  |d vLex Global (U.S. Academic Edition, excluding Law Schools)  |d vLex Global (Academic Edition, Law Schools) 
650 0 4 |a Educacin̤  |z Colombia 
740 0 |a vLex Libros (Servicio en ln̕ea) 
856 4 0 |u https://vlex.com/source/secreto-de-la-ortografia-segun-las-nuevas-normas-de-la-real-academia-espa-ola-33417  |z Acceso restringido 
942 |c BOOK 
999 0 |a Education